| 000 | 01888nam a2200421 c 4500 | ||
|---|---|---|---|
| 003 | PE-LiUPU | ||
| 005 | 20250731183446.0 | ||
| 008 | 170127s2017 sp a 001 0 spa | ||
| 020 | _a9788416504671 | ||
| 040 |
_aUAL _bspa _cPE-LiUPU _erdc _dPE-LiUPU |
||
| 041 | 1 |
_aspa _heng |
|
| 080 | _a72.012 | ||
| 082 |
_223 _a720.284 _bM478d |
||
| 100 | 1 |
_aMcMorrough, Julia _eautor. |
|
| 240 | 1 | 0 |
_aDrawing or Architects _lEspañol |
| 245 | 1 | 0 |
_aDibujo para arquitectos : _bcómo usar la ilustración para explorar conceptos, definir elementos y diseñar edificios con eficacia / _cJulia McMorrough ; [traducción, Jesús de Cos Pinto y Alicia Misrahi Vallès]. |
| 250 | _aPrimera edición | ||
| 264 |
_aBarcelona : _bPromopress, _c2017. |
||
| 300 |
_a192 páginas : _bilustraciones, planos ; _c23 centímetros. |
||
| 336 |
_aImagen (fija ; bidimensional ; visual). _aTexto (visual) _2isbdcontent] |
||
| 337 |
_asin mediación _2isbdmedia] |
||
| 500 | _aÍndice | ||
| 504 | _aBibliografía: p. 185 | ||
| 505 | _aTipos de proyecciones -- El dibujo en la historia -- Guía -- Plano -- Sección -- Alzado -- Axonométrica -- Oblicua -- Perspectiva -- Formatos estándar -- Los lenguajes del arquitecto -- Elaboración e interpretación -- Dibujo y producción digital -- Muestras gráficas -- Dibujar para diseñar -- Colaboraciones -- Créditos de la imágenes. | ||
| 526 | _aP158 | ||
| 526 | _aP146 | ||
| 526 | _aP17 | ||
| 526 | _aP12 | ||
| 526 | _aP06 | ||
| 650 | 1 | 7 |
_aDibujo de arquitectura _2embne |
| 700 | 1 |
_aCos, Jesús de _d1957- _etraductor _4trl |
|
| 700 | 1 |
_aMisrahi, Alicia _d1967- _etraductor _4trl |
|
| 901 | _aMON1801 | ||
| 942 |
_2ddc _cBK |
||
| 956 | _a2 | ||
| 999 |
_c62104 _d62103 |
||
| 980 |
_81 _gALBERTO SANCHEZ Responsable de Automatización |
||